01101nam a2200289Ia 450000500170000000800410001702000150005804100080007310000290008124501430011025000180025330000470027152100350031865000410035365000410039465000420043565000440047765000570052170000340057870000330061226400320064533600270067733700330070433800280073704000350076508400110080020220317001741.0170328s2005 s a g 000 j s  a8472903028 aspa1 aGil Vila, Maria Àngels10aAnoche hablé con la lunacescrito por Maria {hardsign}ngels Gil Vila ; ilustrado por Mabel Piérola ; traducido por Juli{85} de Jódar a1a. edición a32 páginasbilustraciones a colorc33 cm aRecomendado desde los 9 años142LEMBaCuentos infantiles españoles142LEMBaLiteratura infantil espeñola142LEMBaHomosexualidad en la literatura142LEMBaIdentidad sexual en la literatura142LEMBaDesarrollo de la personalidad en la literatura1 aPiérola, Mabeleilustradora1 aodár, Julia deetraductora aBarcelonabBellaterrac2005 atextobtxt2rdacontent asin mediaciónbn2rdamedia avolumenbnc2rdacarrier aCO-BoRNBPbspaerdacCO-BoRNBP aC GIL5